LEADER 01127nam a2200229 u 4500 001 000000109769 003 CaOOAMICUS 005 20080214141158.0 008 080214s2008 it u000 u ita u 040 $aPUL$bita$dMCT 245 00$aCommento al Codice di procedura penale /$ca cura di piermaria Corso ; con la collaborazione di Manfredi Bontempelli ; coordinatori Manfredi Bontempelli ... [et al.] ; autori Rossano Adorno ... [et al.] ; redazione Michele Bonetti ... [et al.]. 260 $aPiacenza :$bLa Tribuna,$c2008. 300 $aXXIX, 3518 p. ;$c25 cm. 490 1 $aTribuna Major 650 4$aProcedura penale$zItalia.$0(OLS)http://pul/subject/12686 700 1 $aCorso, Piermaria.$0(OLS)http://pul/name/35334 830 0$aTribuna Major.$0(OLS)http://pul/title/104665 850 $aPUL 852 $aPUL$W1$xSL Diritto e Scienze Sociali 3$y79$m348. 45 COD 3.3.4$j125632$qDDC 21$B124358$CPULBib$Z2$F124358 $H106283 $82 941 1 $a9 996 $6245$aCommento al Codice di procedura penale$9(OLS)http://pul/title/95493 996 $6260$aPiacenza :$bLa Tribuna$9(OLS)http://pul/publisher/69734 LEADER 01101nam a2200277 a 4500 001 000000149737 003 CaOOAMICUS 005 20160225125616.0 008 160225s1968 gw u000 u ger r 032 $aLibriCat 040 $aPUL$bita 100 1 $aKünneth, Walter.$0(OLS)http://pul/name/95433 245 10$aTheologie der Auferstehung /$cWalter Künneth. 250 $a5. erw. Aufl. 260 $aMünchen und Hamburg :$bSiebenstern-Taschenbuch,$c1968. 300 $a307 p. ;$c19 cm. 490 1 $aSiebenstern-Taschenbuch ;$v108/109 504 $aBibliografia in nota. 600 04$aIesus Christus$xResurrezione.$0(OLS)http://pul/subject/14227 830 0$aSiebenstern-Taschenbuch ;$v108/109.$0(OLS)http://pul/title/188764 850 $aPUL 852 $aPUL$W1$xDP1 Fondo Bordoni$y120$m3 I 73$j167088$qFondi$B174075$CPULBib$Z2$F174075 $HBor276 $81 941 1 $a1 996 $6245$aTheologie der Auferstehung$9(OLS)http://pul/title/188763 996 $6260$aMünchen und Hamburg :$bSiebenstern-Taschenbuch$9(OLS)http://pul/publisher/84617